Η εμφάνιση των Τούρκων : μια απάντηση στον Τ. Οζάλ : παρελθόν - παρόν - μέλλον

Αποθηκεύτηκε σε:
Λεπτομέρειες βιβλιογραφικής εγγραφής
Κύριος συγγραφέας: Χειλαδάκης, Νίκος 1952-
Μορφή: Βιβλίο
Γλώσσα:Greek
Δημοσίευση: Θεσσαλονίκη : Μπίμπης, c1997
Θέματα:
Ετικέτες: Προσθήκη ετικέτας
Δεν υπάρχουν, Καταχωρήστε ετικέτα πρώτοι!

MARC

LEADER 00000nam a2200000 i 4500
001 1/31863
008 030129s1997 gre d
035 |l 10069234 
040 |a GR-MY-UA  |b gre  |e aacr 
041 0 |a gre 
082 0 |a 956.1  |2 (21) 
100 1 |a Χειλαδάκης, Νίκος  |d 1952- 
245 1 2 |a Η εμφάνιση των Τούρκων :  |b μια απάντηση στον Τ. Οζάλ : παρελθόν - παρόν - μέλλον 
246 3 4 |a Η εμφάνιση των Τούρκων  |b ; παρελθόν - παρόν - μέλλον; μια απάντηση στον Τουργκούτ Οζάλ 
260 |a Θεσσαλονίκη :   |b Μπίμπης,   |c c1997 
300 |a 126 σ.;  |c 21 εκ. 
504 |a Περιέχει βιβλιογραφία 
651 0 |a Turkey  |x Politics and government. 
651 0 |a Turkey  |x History. 
852 |a INST  |b LESVOS  |e 20030129  |h 956.1 ΧΕΙ  |p 005100030923  |q 005100030923  |t BK  |y 0 
901 |a BIBL1-2003-3 
909 |a Λ  |b 103565 
922 |a 1ΕΛΗ  |b 200212  |c ΤΑΚ/ΚΥΒ  |d ΕΙΡΜΟΣ 
950 |a 023-2002-11-29 
970 |a ΧΡΙΣΤΟΦΑ  |b ΝΙΚΗ  |z 2003/12/10